Rubber processing and technology (Record no. 38807)

MARC details
000 -LEADER
fixed length control field 00569nam a2200229Ia 4500
082 ## - DEWEY DECIMAL CLASSIFICATION NUMBER
Classification number NR:62:678.02
Item number GUP;1
100 ## - MAIN ENTRY--AUTHOR NAME
Personal name Gupta, R S
245 #0 - TITLE STATEMENT
Title Rubber processing and technology
260 ## - PUBLICATION, DISTRIBUTION, ETC. (IMPRINT)
Place of publication Delhi
Name of publisher Small industry Research Institute
Year of publication 1981
650 ## - SUBJECT ADDED ENTRY--TOPICAL TERM
Topical Term Belting
650 ## - SUBJECT ADDED ENTRY--TOPICAL TERM
Topical Term Chappals
650 ## - SUBJECT ADDED ENTRY--TOPICAL TERM
Topical Term Hose
650 ## - SUBJECT ADDED ENTRY--TOPICAL TERM
Topical Term Latex foam
650 ## - SUBJECT ADDED ENTRY--TOPICAL TERM
Topical Term Oil seals
650 ## - SUBJECT ADDED ENTRY--TOPICAL TERM
Topical Term Rubber compounding
650 ## - SUBJECT ADDED ENTRY--TOPICAL TERM
Topical Term Rubber machinery
650 ## - SUBJECT ADDED ENTRY--TOPICAL TERM
Topical Term Tubes
650 ## - SUBJECT ADDED ENTRY--TOPICAL TERM
Topical Term Tyre retreading
650 ## - SUBJECT ADDED ENTRY--TOPICAL TERM
Topical Term Tyres
942 ## - ADDED ENTRY ELEMENTS (KOHA)
Koha item type Books
Holdings
Withdrawn status Lost status Damaged status Not for loan Home library Current library Date acquired Cost, normal purchase price Full call number Accession Number Koha item type
        RRII Library RRII Library 16/12/2021 50.00 NR:62:678.02 GUP;1 19158 Books